000 01108nam a2200301 i 4500
003 EG-GICUC
005 20260121101538.0
008 251225s1972 ua ||||fr||| 0||| ||ara|d
017 _a723917
040 _a EG-GICUC
_bara
_c EG-GICUC
_d EG-GICUC
_erda
041 0 _aara
082 0 4 _221
_a345.49
_bم ص . إ
092 0 4 _221
099 _aLaw1 07 345.49 م ص . إ 1972
100 0 _aمصطفى رضوان.
_eمؤلف.
245 1 2 _aالإدعاء العام والرقابة الإدارية :
_bفقهاً وقضاءً /
_cمصطفى رضوان.
264 1 _aالاسكندرية :
_bفرع منشأة المعارف،
_c1972.
300 _a430 صفحة ؛
_c24 سم.
336 _2rda content
_atext
337 _2rda media
_aComputer
338 _2rda carrier
_aOnline Resource
504 _aيحتوي على ارجاعات ببليوجرافية
546 _aالنص باللغة العربية
650 1 4 _aالرقابة الإدارية
_xالقانون الاداري
856 4 0 _uhttps://fll.law.cu.edu.eg/fulltext/bks/B07-01877.pdf
905 _a75
942 _2ddc
_cBK
_e21
_n0
999 _c52514
_d52514